000 00456nam a2200169 i 4500
001 C00018976c
005 20241029143715.0
008 960514s1989 sp a 000 0dspa d
080 _a75 Calatayud, Miguel
245 0 0 _aMIGUEL Calatayud
_b: premio API 1989.
260 _a[S.l. :
_bs.n.,
_c1989]
300 _a[12] p. :
_bil. en col. y n. ;
_c30 cm.
600 1 4 _aCalatayud, Miguel.
_912921
852 _jF-7381
999 _c18604
_d18604